000 01021 a2200265 4500
005 20180416101045.0
010 _aENG-88717
020 _a9788190401487
_c350.00
035 _aEN-72250
035 _aB-341997-342011
035 _aB-690916-917
037 _bDBAD / PUB Universal Voice
082 _a954.084
100 _aSuresh Chand
245 _aFreedom:
_bturning point of first war of 1857 India's independence /
_cby Suresh Chand [and] Savita Nigam
260 _aDelhi
_bUniversal Voice
_c2007
270 _a3421-A, IInd Floor, Narang Colony, Tri Nagar,
_bDelhi
_e110 035
300 _av, 180p.
_c22cm (Hb)
500 _aBalidani
500 _aIncludes index
700 _aNigam, Savita
942 _adpl
_cEN
_k954.084 / SUR
_2ddc
_h954.084
_mSUR
999 _c9133
_d9133